000 00455nam a22001697a 4500
003 NUST - PNEC
005 20170116181052.0
008 150929b xxu||||| |||| 00| 0 eng d
040 _cLIBRARY
082 _a658.155 BUR
100 _911905
_a Burnham, Thos. H
245 _a Elements of industrial organization
_c Burnham, Thos. H
250 _a7th ed.
260 _c1965
650 _911903
_bMechanical engineering
_xME
942 _2ddc
_cBK
999 _c68407
_d68407